Central Library OPAC University of Rajshahi
Normal view MARC view

Entry Topical Term

Number of records used in: 2

001 - CONTROL NUMBER

  • control field: 10650

003 - CONTROL NUMBER IDENTIFIER

  • control field: BD-RjUL

005 - DATE AND TIME OF LATEST TRANSACTION

  • control field: 20231221122113.0

008 - FIXED-LENGTH DATA ELEMENTS

  • fixed length control field: 231221|| aca||aabn | a|a d

040 ## - CATALOGING SOURCE

  • Original cataloging agency: BD-RjUL
  • Transcribing agency: BD-RjUL

150 ## - HEADING--TOPICAL TERM

  • Topical term or geographic name entry element: Mineralogy
  • General subdivision: Early works to 1800

670 ## - SOURCE DATA FOUND

  • Source citation: Work cat.: (BD-RjUL)82517: بيروني، محمد بن أحمد. ;; Bīrūnī, Muḥammad ibn Aḥmad, 973?-1048. 10648, كتاب الجماهر في معرفة الجواهر / ;; Kitāb al-jamāhir fī maʻrifat al-jawāhir /, 1980